Estudio de tránsito

Gardado en:
Detalles Bibliográficos
Autor Principal: Hurtado Urra, José Sergio (autor)
Outros autores: Castro Santibañez, Benjamín (autor), Narváez Toro, José Eliseo (autor), Pastén Valdivia, Jorge Hernán (autor)
Formato: Libro
Idioma:Lingua castelá
Publicado: Valparaíso, Chile Universidad Católica de Valparaíso 1982
Subjects:
Tags: Engadir etiqueta
Sen Etiquetas, Sexa o primeiro en etiquetar este rexistro!

MARC

LEADER 00000nam a2200000 a 4500
001 UCU6609
003 CL-VaPUC
005 20240821123843.0
008 960621e19820000CL |||||||||||||||||spa|d
999 |c 249462  |d 249460 
040 |c Pontificia Universidad Católica de Valparaíso 
082 0 4 |a 388.413 HUR 1982  |2 21 
100 |a Hurtado Urra, José Sergio  |e autor  |9 610764 
245 1 0 |a Estudio de tránsito 
260 0 3 |a Valparaíso, Chile  |b Universidad Católica de Valparaíso  |c 1982 
300 |a 82 páginas 
583 |a last modification  |c 20170307 12:35:57  |k Rodrigo Vera 
650 0 |a Accidentes de tráfico  |9 387030 
650 0 |a Autobuses   |9 359340 
650 0 |a Transporte público  |9 348060 
700 0 |a Castro Santibañez, Benjamín  |e autor  |9 364886 
700 0 |a Narváez Toro, José Eliseo  |e autor  |9 364887 
700 0 |a Pastén Valdivia, Jorge Hernán  |e autor  |9 364888 
942 |c BK  |2 ddc 
945 |d 19960621 00:00:00  |a lriquelm 
952 |0 0  |1 0  |2 ddc  |4 0  |6 388_413000000000000_HUR_1982  |7 0  |8 A  |9 266734  |a BIBING  |b BIBING  |d 2019-11-19  |i 1689150  |o 388.413 HUR 1982  |p 1689150  |r 2023-03-02  |t 1  |w 2019-11-19  |y BK  |k ING